Anroid Based Smart Automated System (Record no. 58247)

MARC details
000 -LEADER
fixed length control field 00530nam a2200181Ia 4500
082 ## - DEWEY DECIMAL CLASSIFICATION NUMBER
Classification number R/6IT12
100 ## - MAIN ENTRY--AUTHOR NAME
Personal name Hassan Raza
100 ## - MAIN ENTRY--AUTHOR NAME
Personal name Roll No. 12BS(IT)19
100 ## - MAIN ENTRY--AUTHOR NAME
Personal name Supervisor - Engr. Fiza Siyal
245 #0 - TITLE STATEMENT
Title Anroid Based Smart Automated System
260 ## - PUBLICATION, DISTRIBUTION, ETC. (IMPRINT)
Place of publication Nawabshah
Name of publisher QUEST
Year of publication 2016
300 ## - PHYSICAL DESCRIPTION
Number of Pages 55p
700 ## - ADDED ENTRY--PERSONAL NAME
Personal name Faizan Zaib (Roll No. 12BS(IT)38)
700 ## - ADDED ENTRY--PERSONAL NAME
Personal name Mashhood Raza (Roll No. 12BS(IT)11)
700 ## - ADDED ENTRY--PERSONAL NAME
Personal name Waqar Younas (Roll No. 12BS(IT)15)
700 ## - ADDED ENTRY--PERSONAL NAME
Personal name Hafiza Musarat (Roll No. 12BS(IT)05)
942 ## - ADDED ENTRY ELEMENTS (KOHA)
Koha item type Thesis and Dissertation
Holdings
Withdrawn status Lost status Home library Current library Date acquired Accession Number Koha item type
    Central Library, QUEST, Nawabshah Research Section 17/04/2018 ITP/11-92 Thesis and Dissertation